Artistas en tiempos de guerra: historias que Hollywood no cuenta

Salvato in:
Dettagli Bibliografici
Autore principale: Zinn, Howard (Autore)
Natura: Libro
Lingua:spagnolo
Pubblicazione: Buenos Aires Capital Intelectual 2007
Edizione:1a. ed
Soggetti:
Tags: Aggiungi Tag
Nessun Tag, puoi essere il primo ad aggiungerne!!

MARC

LEADER 00000cam a2200000 a 4500
001 UCD5426
003 CL-VaPUC
008 160908e20070000ag |||||||||||||||||spa|d
020 |a 9789876140386 
082 0 4 |a 700.1  |b ZIN  |2 21 
100 0 |a Zinn, Howard  |e author  |9 589171 
245 1 0 |a Artistas en tiempos de guerra: historias que Hollywood no cuenta 
250 |a 1a. ed 
300 |a 72 p 
942 |c BK 
945 |d 20160908 17:07:00  |a dcastane 
260 |a Buenos Aires  |b Capital Intelectual  |c 2007 
650 0 |a Filosofía del arte  |9 264951 
650 0 |a Crítica e interpretación   |9 255042 
650 0 |a Artistas   |y Siglo 20  |9 266651 
583 |a last modification  |c 20160908 17:07:00  |k Rodrigo Vera 
999 |c 366088  |d 366086 
952 |0 0  |1 0  |3 erb  |4 0  |6 700_100000000000000_ZIN_2007  |7 0  |8 A  |9 480116  |a BIBART  |b BIBART  |i 5340225  |o 700.1 ZIN 2007  |p 5340225  |r 2025-03-13  |w 2019-11-24  |y BK  |z Catalogado en:20160908  |k ART